000 00667nam a22001935i 4500
001 170166
003 ES-MaACL
005 20230906214316.0
008 090209s1875 fr 000 d fre d
080 _a782.6
100 1 _aSauvage, Thomas.
_9139109
245 1 3 _aLe caïd :
_bopéra-bouffon en deux actes /
_cpar T. Sauvage ; musique de Ambroise Thomas.
260 _a[S.l. :
_bs.n.,
_cca. 1875]
300 _a53 p. ;
_c17 cm.
594 _aEjemplar sin portada, datos tomados del principio del texto.
650 4 _aOperetas-
_vLibretos.
_9139352
700 1 _aThomas, Ambroise.
_9138039
852 4 _aES-MaACL
_j2246-F-20
_z- Biblioteca Jacinto Martínez Lacalle
999 _c170166
_d170166